000 01045nam a22003257a 4500
001 6224
003 FISKH
005 20250401100354.0
008 250401b cb ||||| |||| 00| 0 eng d
020 _a9780439916257
040 _aDLC
_cDLC
_dDLC
_beng
050 _aPZ7.M992 S
082 _a303
100 1 _aMyers, Walter Dean
_d(1937-2014)
245 1 0 _aSunrise over Fallujah /
_cWalter Dean Myers
250 _aThis edition first published in 2009
260 _aNew York :
_bScholastic,
_c2008.
300 _a290 pages :
_c18 cm
505 _aR
520 _aRobin Perry, from Harlem, is sent to Iraq in 2003 as a member of the Civilian Affairs Battalion, and his time there profoundly changes him.
521 8 _a780
_bLexile
521 8 _aR
_bRaz-Plus
650 0 _aIraq War, 2003-2011
_vJuvenile fiction.
650 1 _aIraq War, 2003-2011
_vFiction.
650 1 _aWar
_vFiction.
650 1 _aAfrican Americans
_vFiction.
906 _a7
_bcbc
_corignew
_d1
_eecip
_f20
_gy-gencatlg
942 _2ddc
_cBK
_n0
999 _c6224
_d6224